000 00549nam a2200217Ia 4500
003 GCL
008 140319s9999 xx 000 0 eng d
040 _aGCL /
_cGCL
082 0 4 _aCH
_b843
_bS P
100 1 _aKATER, HECTOR
245 1 0 _aLES PETITIES FILLES MODELS /
_cKATER, HECTOR
700 1 _aSEGUR, LA COMTESSE DE
700 1 _aYANS, JEAN - MAIRE
260 _a[S.N] :
_bHEMMA
300 _a156 P
650 0 4 _aENGLISH LITERATURE
650 0 4 _aENGLISH FICTION
650 0 4 _aFICTION
650 0 4 _aCHILDREN - FICTION
942 _2ddc
_cBK
999 _c14594
_d14594